| 000 | 00608nam a2200193 a 4500 | ||
|---|---|---|---|
| 005 | 20140310183522.0 | ||
| 008 | 111019s19uu xx 00 eng d | ||
| 020 | _a9781907312366 | ||
| 050 |
_aHF 5429 _b.B285 2010 |
||
| 100 | _aBarclay, Liz | ||
| 245 |
_aThe unauthorized guide to doing business the Philip Green way : _b10 secrets of the billionare retail magnate / _cLiz Barclay. |
||
| 260 |
_aUnited Kingdom : _bCapstone, _c2010. |
||
| 300 |
_a156 p. : _bill. ; _c124 p. : |
||
| 521 | _aBSBA | ||
| 650 | _aRetail trade | ||
| 650 | _aGreen, Philip (1952- ) | ||
| 942 |
_cBK _2lcc _kFOR |
||
| 999 |
_c24429 _d24429 |
||